000 02269nam a2200481 i 4500
001 nkc20253721928
003 CZ PrSKC
005 20260415085626.0
007 ta
008 251125s2025 xr a g 6 000 1acze
020 _a9788076629837
_cKč 499,00
040 _aABG001
_bcze
_erda
041 1 _acze
_hfre
072 7 _a741.52
_xKomiksy. Komiksové adaptace
_2Konspekt
072 7 _a929
_xBiografie
_2Konspekt
080 _a741.52.071.1-055.2
_2MRF
080 _a316.472.42
_2MRF
080 _a316.628
_2MRF
080 _a929
_2MRF
080 _a(44)
_2MRF
080 _a(092)741.52
_2MRF
100 1 _aLambda, Sophie,
_d1986-
_4aut
_4ill
_920617
240 1 0 _aTant pis pour l'amour.
_lČesky
245 1 0 _aLásko, jdi do háje :
_bjak jsem přežila manipulátora /
_cSophie Lambda ; z francouzského originálu Tant pis pour l'amour ... přeložil Michal Zahálka
250 _aVydání první
264 1 _aPraha :
_bKniha Zlin,
_c2025
300 _a301 stran :
_bilustrace (převážně barevné) ;
_c24 cm
490 1 _aKniha - Komiks - Zlín
520 2 _aAutobiografický komiks francouzské autorky jako prevence i lék proti toxickým vztahům.
_bKdyž Sophie potká Marcuse, zamiluje se do něj do čtyřiceti osmi hodin. Ona, která byla ohledně lásky tak cynická a nedůvěřivá a nezávislost pro ni byla vším. Jenže pomalu si uvědomuje, že tady něco nehraje. Marcusovy nesrovnalosti, lži a výmluvy se vrší jako hromada špinavého prádla a Sophie si musí přiznat, že se nechala lapit narcistickým manipulátorem, a vše si důkladně přebrat. Nakladatelská anotace. Kráceno.
600 1 7 _aLambda, Sophie,
_d1986-
_2czenas
_920618
648 7 _a21. století
_2czenas
_9395
650 0 7 _akomiksové tvůrkyně
_zFrancie
_y21. století
_2czenas
_920619
650 0 7 _apartnerské vztahy
_2czenas
_9741
650 0 7 _amanipulace (psychologie)
_2czenas
_9233
650 0 9 _awomen comics creators
_zFrance
_y21st century
_2eczenas
_920620
650 0 9 _apartner relationships
_2eczenas
_9744
650 0 9 _amanipulation (psychology)
_2eczenas
_9237
655 7 _aautobiografické komiksy
_914369
655 9 _aautobiographical comics
_914763
700 1 _aZahálka, Michal,
_d1989-
_4trl
_920621
910 _aABG508
999 _c34159
_d34159